| 000 | 00432nam a2200157Ia 4500 | ||
|---|---|---|---|
| 008 | 230312s9999||||xx |||||||||||||| ||und|| | ||
| 020 | _a81-203-0626-4 | ||
| 082 |
_a621.319 _bKUS-C |
||
| 100 | _aKusic,George.L | ||
| 245 | 0 | _aComputer- Aided Power Systems Analysis | |
| 260 |
_bPrentice Hall _aIndia _c1986 |
||
| 300 | _a403 | ||
| 546 | _aEng. | ||
| 650 |
_aEngineering _vCentral Operation and Control of Power Systems |
||
| 942 | _cBK | ||
| 999 |
_c1541 _d1541 |
||